| 000 | 00668nam a2200229 a 4500 | ||
|---|---|---|---|
| 999 |
_c9265 _d9265 |
||
| 001 | 9265 | ||
| 003 | BD-JhCC | ||
| 005 | 20180521102646.0 | ||
| 008 | 180312s1994 bg |||| |||| 000 0 eng d | ||
| 020 | _a9845123422 | ||
| 035 | _a(BD-JhCC)9265 | ||
| 040 |
_aBD-JhCC _dBD-JhCC |
||
| 041 | _aeng | ||
| 082 |
_a341.67 _bPAT 1994 |
||
| 100 | _aPatwari, A. B. M. Mafizul Islam | ||
| 245 |
_aPrinciples of international humanitarian law : _bAn Oriental Perspective / _cA. B. M. Mafizul Islam Patwari |
||
| 260 |
_aDhaka: _bAsiatic Society of Bangladesh, _c1994. |
||
| 300 |
_a142 p.: _c23 cm. |
||
| 650 | _aHumanitarian Law | ||
| 942 |
_2ddc _cBK |
||